00246pam a2200097 a 4500020000500000041000500005100002600010245006200036260003800098300001200136 c h aAtkinson, Kendall E . aAn Introduction To Numerical AnalysisihTextual Documents aNew Delhi :bWiley India ,c2008. a693 pg.